书目信息 |
| 题名: |
雅思口语
|
|
| 作者: | 杨帅 编著 | |
| 分册: | ||
| 出版信息: | 北京 中国人民大学出版社 2021.12 |
|
| 页数: | 310页 | |
| 开本: | 21cm | |
| 丛书名: | ||
| 单 册: | ||
| 中图分类: | H319.9 | |
| 科图分类: | ||
| 主题词: | 英语--ying yu--口语--水平考试--自学参考资料 | |
| 电子资源: | ||
| ISBN: | 978-7-300-30008-5 | |
| 000 | 00960nam0 2200241 450 | |
| 001 | 27061 | |
| 005 | 20220920212614.07 | |
| 010 | @a978-7-300-30008-5@dCNY39.80 | |
| 100 | @a20211229d2021 em y0chiy50 ea | |
| 101 | 0 | @achi@aeng |
| 102 | @aCN@b110000 | |
| 105 | @aa z 000yy | |
| 200 | 1 | @a雅思口语@Aya si kou yu@e杨帅教你900句@f杨帅编著 |
| 210 | @a北京@c中国人民大学出版社@d2021.12 | |
| 215 | @a310页@c彩图@d21cm | |
| 314 | @a杨帅, 学为贵口语名师, 4次雅思口语9分获得者。 | |
| 330 | @a本书分为30天练习, 每天的练习分为5个部分, 本书解决考生的发音问题, 帮助考生初步纠音, 了解连读, 积累单词 ; 帮助考生巩固纠音, 了解语法, 积累词汇和短语 ; 以语音、语法、语意相结合的形式, 设置词汇事件以及多样性句型和语法练习。 | |
| 517 | 1 | @a杨帅教你900句@Ayang shuai jiao ni 900ju |
| 606 | 0 | @a英语@Aying yu@x口语@x水平考试@j自学参考资料 |
| 690 | @aH319.9@v5 | |
| 701 | 0 | @a杨帅@Ayang shuai@4编著 |
| 801 | 0 | @aCN@c20220910 |
| 905 | @a河南城建学院图书馆@dH319.9@eY273@f2 | |
| 雅思口语:杨帅教你900句/杨帅编著.-北京:中国人民大学出版社,2021.12 |
| 310页:彩图;21cm |
| ISBN 978-7-300-30008-5:CNY39.80 |
| 本书分为30天练习, 每天的练习分为5个部分, 本书解决考生的发音问题, 帮助考生初步纠音, 了解连读, 积累单词 ; 帮助考生巩固纠音, 了解语法, 积累词汇和短语 ; 以语音、语法、语意相结合的形式, 设置词汇事件以及多样性句型和语法练习。 |
| ● |
| 相关链接 |
|
|
|
正题名:雅思口语
索取号:H319.9/Y273
 
预约/预借
| 序号 | 登录号 | 条形码 | 馆藏地/架位号 | 状态 | 备注 |
| 1 | 1578781 | 215787815 | 语言库209/209语言库 111排1列6层/ [索取号:H319.9/Y273] | 在馆 | |
| 2 | 1578782 | 215787824 | 语言库209/209语言库 111排1列6层/ [索取号:H319.9/Y273] | 在馆 |